Law relating to conditions and warranty / (Record no. 104988)

MARC details
000 -LEADER
fixed length control field 00601nam a22001937a 4500
005 - DATE AND TIME OF LATEST TRANSACTION
control field 20161206130603.0
010 ## - LCCN (DPL NO)
LC control number ENG-116748
020 ## - INTERNATIONAL STANDARD BOOK NUMBER
International Standard Book Number 9788184846324
Terms of availability 1080.00
035 ## - SYSTEM CONTROL NUMBER
System control number EN-100280
037 ## - SOURCE OF ACQUISITION
Source of stock number/acquisition DBAD/PUB
082 ## - DEWEY DECIMAL CLASSIFICATION NUMBER
Classification number 346.54074
100 ## - MAIN ENTRY--PERSONAL NAME
Dates associated with a name Nagta, Sandeep
245 ## - TITLE STATEMENT
Title Law relating to conditions and warranty /
Statement of responsibility, etc by Sandeep Nagta
260 ## - PUBLICATION, DISTRIBUTION, ETC. (IMPRINT)
Place of publication, distribution, etc New Delhi
Name of publisher, distributor, etc Regal Publications
Date of publication, distribution, etc 2017
270 ## - ADDRESS
Address F-159 Rajouri Garden
City New Delhi
Postal code 110027
300 ## - PHYSICAL DESCRIPTION
Extent x,230p.
Dimensions 23cm(Hb)
500 ## - GENERAL NOTE
General note Includes bibliographical references and index
942 ## - ADDED ENTRY ELEMENTS (KOHA)
Source of classification or shelving scheme Dewey Decimal Classification
Item type English Books
Classification part 346.54074
Call number suffix NAG
Holdings
Withdrawn status Lost status Not for loan Collection code Home library Current library Date acquired Source of acquisition Cost, normal purchase price Full call number Barcode Copy number Cost, replacement price Koha item type
      Non-fiction Central Library Central Library 06/12/2016 DBAD 1080.00 346.54074 NAG EN-100280 1 1080.00 English Books

© Delhi Public Library
Hit Counter
free hit counter